Policéfalo y señora (Record no. 73815)

MARC details
000 -LEADER
campo de control de longitud fija 00477nam a2200169 i 4500
001 - NÚMERO DE CONTROL
campo de control 73815
003 - IDENTIFICADOR DE NÚMERO DE CONTROL
campo de control ES-MaACL
005 - FECHA Y HORA DE LA ÚLTIMA TRANSACCIÓN
campo de control 20240320062531.0
007 - CAMPO FIJO DE DESCRIPCIÓN FÍSICA--INFORMACIÓN GENERAL
campo de control de longitud fija t|
008 - DATOS DE LONGITUD FIJA--INFORMACIÓN GENERAL
campo de control de longitud fija 040913s1932 sp ||||1| spa d
100 1# - ENTRADA PRINCIPAL--NOMBRE DE PERSONA
Nombre de persona Gómez de la Serna, Ramón,
Fechas asociadas al nombre 1888-1963
9 (RLIN) 57901
245 10 - MENCIÓN DEL TÍTULO
Título Policéfalo y señora
Resto del título : novela /
Mención de responsabilidad, etc. Ramón Gómez de la Serna.
260 ## - PUBLICACIÓN, DISTRIBUCIÓN, ETC.
Lugar de publicación, distribución, etc. Madrid :
Nombre del editor, distribuidor, etc. Espasa-Calpe,
Fecha de publicación, distribución, etc. 1932.
300 ## - DESCRIPCIÓN FÍSICA
Extensión 232 p. ;
Dimensiones 20 cm.
852 ## - LOCALIZACIÓN
Ubicación ES-MaACL
Número de control de estantería A-1073
Holdings
Estatus retirado Estado de pérdida Estado de daño No para préstamo Biblioteca de origen Biblioteca actual Ubicación en estantería Fecha de adquisición Fuente de adquisición Total de préstamos Signatura topográfica completa Código de barras Visto por última vez Precio de reemplazo Tipo de ítem Koha
        Biblioteca del Ateneo de Madrid Biblioteca del Ateneo de Madrid Sala Pecera Planta 1 17/01/2008     A-1073 1077266 23/02/2023 23/02/2023 Libro impreso